| 000 | 01134nam a2200193Ia 4500 | ||
|---|---|---|---|
| 999 |
_c40604 _d40604 |
||
| 001 | 7231 | ||
| 003 | GE_BSU | ||
| 005 | 20230829151658.0 | ||
| 008 | 181216s2011||||ge |||||||||||||| ||geo|| | ||
| 040 | _cGE_BSU | ||
| 041 | _ageo | ||
| 080 | _a328.185(479.22)+343.352.3(479.22) ს-32 | ||
| 245 |
_aსაქართველოს ეროვნული ანტიკორუფციული სისტემის შეფასება / _cმთ. მკვლევარი ერეკლე ურუშაძე ; პროექტის ხელმძღვ. რედ. და ტექსტ. ნაწ. ავტ. კეიტლინ რაიანი. |
||
| 264 |
_aთბილისი : _bსაერთაშორისო გამჭვირვალობა-საქართველო, _c2011. |
||
| 300 |
_a246 გვ. ; _c27 სმ. _eცხრ. |
||
| 500 | _aდანართები : გვ. 235-245 | ||
| 653 | _aსაქართველოს ეროვნული ანტიკოფციული სისტემის შეფასება | ||
| 942 |
_cBK _2udc |
||